Exploring life : (Record no. 15874)
[ view plain ]
| 000 -LEADER | |
|---|---|
| fixed length control field | 00421nam a2200157 a 4500 |
| 020 ## - INTERNATIONAL STANDARD BOOK NUMBER | |
| ISBN | 0697145379 |
| 040 ## - CATALOGING SOURCE | |
| Transcribing agency | DLC |
| 082 00 - DEWEY DECIMAL CLASSIFICATION NUMBER | |
| Classification number | 574 WMC 1994 A080 Or. |
| 100 1# - MAIN ENTRY--AUTHOR NAME | |
| Personal name | Blamire, John. |
| 245 10 - TITLE STATEMENT | |
| Title | Exploring life : |
| Remainder of title | the principles of biology / |
| 260 ## - PUBLICATION, DISTRIBUTION, ETC. (IMPRINT) | |
| Place of publication | Dubuque, Iowa : |
| Name of publisher | Wm. C. Brown Publishers, |
| Year of publication | c1994. |
| 300 ## - PHYSICAL DESCRIPTION | |
| Number of Pages | xix, 507 p. : |
| Other physical details | ill. ; |
| Dimensions | 28 cm. |
| 500 ## - GENERAL NOTE | |
| General note | Includes index. |
| 650 #0 - SUBJECT ADDED ENTRY--TOPICAL TERM | |
| Topical Term | Biology. |
| 942 ## - ADDED ENTRY ELEMENTS (KOHA) | |
| Koha item type | សៀវភៅភាសាអង់គ្លេស |
| 952 ## - LOCATION AND ITEM INFORMATION (KOHA) | |
| Withdrawn status [LOCAL, KOHA] | 0 |
| Permanent Location | Date acquired | Koha item type | Lost status | Shelving location | Barcode | Current Location | Full call number |
|---|---|---|---|---|---|---|---|
| Library Block A | 2017-12-15 | សៀវភៅភាសាអង់គ្លេស | A080 | A15308 | Library Block A | 574 WMC 1994 A080 Or. |